UBT Library

How to get money for college (Record no. 38956)

000 -LEADER
fixed length control field 00560cam a22002171 4500
001 - CONTROL NUMBER
control field 7040967
005 - DATE AND TIME OF LATEST TRANSACTION
control field 20171215034725.0
008 - FIXED-LENGTH DATA ELEMENTS--GENERAL INFORMATION
fixed length control field 740109s1964 nyu 000 0 eng
010 ## - LIBRARY OF CONGRESS CONTROL NUMBER
LC control number 63016264
035 ## - SYSTEM CONTROL NUMBER
System control number (OCoLC)773077
040 ## - CATALOGING SOURCE
Original cataloging agency DLC
Transcribing agency OClU
Modifying agency OCoLC
-- DLC
041 ## - LANGUAGE CODE
Language code of text/sound track or separate title eng
042 ## - AUTHENTICATION CODE
Authentication code premarc
080 ## - UNIVERSAL DECIMAL CLASSIFICATION NUMBER
Universal Decimal Classification number 378.3 BEN
082 ## - DEWEY DECIMAL CLASSIFICATION NUMBER
Classification number 378.3 BEN
100 1# - Rafti
Rafti 45
101 ## - Shkurtesa
Shkurtesa EDU
245 10 - TITLE STATEMENT
Title How to get money for college
Statement of responsibility, etc [by] Benjamin Fine and Sidney A. Eisenberg.
906 ## - LOCAL DATA ELEMENT F, LDF (RLIN)
a 7
b cbc
c oclcrpl
d u
e ncip
f 19
g y-gencatlg
942 ## - ADDED ENTRY ELEMENTS (KOHA)
Source of classification or shelving scheme
Item type Books
Holdings
Withdrawn status Lost status Source of classification or shelving scheme Damaged status Not for loan Collection code Permanent location Current location Shelving location Date acquired Total Checkouts Full call number Barcode Date last seen Price effective from Koha item type
          Koleksioni i përgjithshem UBT - Lipjan UBT - Lipjan Koleksioni i përgjithshem 12/15/2017   378.3 BEN 002-2939108 12/15/2017 12/15/2017 Books
UBT Library © 2015-2024. All rights reserved University Education for Business and Technology